Państwa Świata z literą Ł w swojej nazwie - Statystyki

Ogólne statystyki
  • Ten quiz został rozwiązany 2 161 razy
  • Średni wynik to 9 z 13
Statystyki odpowiedzi
Kontynent Państwo % Poprawnych
Europa Łotwa
98%
Europa Mołdawia
82%
Europa Słowacja
79%
Europa Słowenia
78%
Europa Włochy
75%
Europa Białoruś
73%
Europa Bułgaria
71%
Azja Korea Południowa
59%
Azja Korea Północna
56%
Afryka Republika Południowej Afryki
55%
Europa Macedonia Północna
53%
Afryka Sudan Południowy
47%
Afryka Wybrzeże Kości Słoniowej
35%
Nie znaleziono quizów pasujących do podanych kryteriów
Rozkład punktacji
Procent ludzi z każdym wynikiem
Percentyl według liczby udzielonych odpowiedzi
Twoja historia wyników
Nie rozwiązałeś tego quizu